Normal view
MARC view
- Supervisor Dr. Shahzor Ahmed
Entry Corporate Name
001 - CONTROL NUMBER
- control field: 91927
003 - CONTROL NUMBER IDENTIFIER
- control field: NUST
005 - DATE AND TIME OF LATEST TRANSACTION
- control field: 20220527162228.0
008 - FIXED-LENGTH DATA ELEMENTS
- fixed length control field: 220527|| aca||aabn | a|a d
040 ## - CATALOGING SOURCE
- Original cataloging agency: NUST
- Transcribing agency: NUST
110 ## - HEADING--CORPORATE NAME
- Corporate name or jurisdiction name as entry element: Supervisor Dr. Shahzor Ahmed
670 ## - SOURCE DATA FOUND
- Source citation: Work cat.: (NUST): Rehan Ashraf 91926, TH-SOF-1992-Frequency Synchronization in Filtered OFDM and Universal Filter Multicarrier, 2022.
